000 00316nam a2200145Ia 4500
100 _aPratt T bostian C. W
942 _cBK
654 _aSatellite
245 _aSatellite communictions
260 _bJohn wiley
_aSingapore
_c1986
082 _a621.380422
_bPRA
300 _a472
546 _aENGLISH
999 _c32266
_d32266